[Event "Livigno op"]
[Site "Livigno"]
[Date "2010.09.14"]
[Round "5"]
[White "Hrzica, Rok"]
[Black "Aguettaz, Maxime"]
[Result "0-1"]
[WhiteElo "2308"]
[BlackElo "2412"]
[PlyCount "56"]
[EventDate "2010.09.10"]
[EventType "swiss"]
[EventRounds "9"]
[EventCountry "ITA"]
[SourceTitle "CBM 138 Extra"]
[Source "ChessBase"]
[SourceDate "2010.10.29"]
[SourceVersion "1"]
[SourceVersionDate "2010.10.29"]
[SourceQuality "1"]

1. e4 b6 2. d4 Bb7 3. Bd3 Nf6 4. Qe2 Nc6 5. c3 e5 6. d5 Ne7 7. f4 exf4 8. Bxf4 Ng6 9. Bg3 Bc5 10. Nd2 0-0 11. 0-0-0 Re8 12. Qf3 c6 13. d6 Qb8 14. Nc4 b5 15. e5 bxc4 16. Bxg6 hxg6 17. exf6 Be3+ 18. Kb1 c5 19. Qf1 Be4+ 20. Ka1 Qb7 21. Nf3 Rab8 22. Rb1 Bd3 23. Qd1 gxf6 24. h4 Bh6 25. h5 Bxb1 26. Qxb1 Re2 27. hxg6 Rxb2 28. gxf7+ Kf8 0-1

[Event "Livigno op"]
[Site "Livigno"]
[Date "2010.09.12"]
[Round "3"]
[White "Milenkovic, Mladen"]
[Black "Hrzica, Rok"]
[Result "0-1"]
[WhiteElo "2406"]
[BlackElo "2308"]
[PlyCount "72"]
[EventDate "2010.09.10"]
[EventType "swiss"]
[EventRounds "9"]
[EventCountry "ITA"]
[SourceTitle "CBM 138 Extra"]
[Source "ChessBase"]
[SourceDate "2010.10.29"]
[SourceVersion "1"]
[SourceVersionDate "2010.10.29"]
[SourceQuality "1"]

1. e4 c6 2. d4 d5 3. exd5 cxd5 4. c4 Nf6 5. Nc3 Nc6 6. Bf4 e6 7. c5 Be7 8. Bb5 Ne4 9. Bxc6+ bxc6 10. Qa4 Qd7 11. Nf3 f6 12. Nxe4 dxe4 13. Nd2 g5 14. Bg3 0-0 15. 0-0-0 Qd5 16. Nc4 e5 17. Ne3 Qf7 18. Qxc6 Rb8 19. dxe5 Be6 20. Nd5 Bxc5 21. exf6 Rbc8 22. Nc7 Bb6 23. Qxe4 Bxc7 24. Kb1 Bxa2+ 25. Ka1 Bb3 26. Rc1 Bb6 27. Bd6 Rxc1+ 28. Rxc1 Re8 29. Qf5 Qg6 30. Qd7 Bf7 31. Be7 Qe4 32. f3 Qe3 33. Qd1 Bd4 34. Rc6 Rxe7 35. fxe7 Qa3+ 36. Kb1 Qxb2# 0-1

[Event "Livigno op"]
[Site "Livigno"]
[Date "2010.09.10"]
[Round "1"]
[White "Rotstein, Arkadij"]
[Black "Hrzica, Rok"]
[Result "1/2-1/2"]
[WhiteElo "2542"]
[BlackElo "2308"]
[PlyCount "78"]
[EventDate "2010.09.10"]
[EventType "swiss"]
[EventRounds "9"]
[EventCountry "ITA"]
[SourceTitle "CBM 138 Extra"]
[Source "ChessBase"]
[SourceDate "2010.10.29"]
[SourceVersion "1"]
[SourceVersionDate "2010.10.29"]
[SourceQuality "1"]

1. d4 c6 2. c4 d5 3. Nf3 g6 4. Nc3 Bg7 5. Bf4 Nf6 6. e3 0-0 7. Be2 a6 8. 0-0 b5 9. c5 Ne4 10. Nxe4 dxe4 11. Nd2 f5 12. a4 Qd5 13. f3 e5 14. fxe4 fxe4 15. Bxe5 Bxe5 16. dxe5 Nd7 17. Rxf8+ Kxf8 18. Qc2 Nxc5 19. axb5 cxb5 20. Rc1 Nd3 21. Rf1+ Kg8 22. Qc7 Be6 23. Qe7 Qd7 24. Qh4 Nc1 25. Rxc1 Qxd2 26. Rc7 Bd7 27. h3 Rc8 28. Bg4 Qxe3+ 29. Kh1 Rf8 30. Be6+ Kh8 31. Bf5 Rxf5 32. Qd8+ Kg7 33. Qxd7+ Kh6 34. Qxh7+ Kg5 35. h4+ Kf4 36. Qh6+ g5 37. hxg5 Qe1+ 38. Kh2 Qg3+ 39. Kh1 Qe1+ 1/2-1/2

[Event "Warsaw AIG Life rapid 9th"]
[Site "Warsaw"]
[Date "2009.12.19"]
[Round "3"]
[White "Hrzica, Rok"]
[Black "Azarov, Sergei Nikolaevich"]
[Result "0-1"]
[WhiteElo "2308"]
[BlackElo "2622"]
[PlyCount "88"]
[EventDate "2009.12.19"]
[EventType "swiss (rapid)"]
[EventRounds "13"]
[EventCountry "POL"]
[SourceTitle "CBM 133 Extra"]
[Source "ChessBase"]
[SourceDate "2010.01.05"]
[SourceVersion "1"]
[SourceVersionDate "2010.01.05"]
[SourceQuality "1"]

1. e4 c5 2. d4 cxd4 3. c3 d3 4. c4 Nc6 5. Bxd3 g6 6. Nf3 Bg7 7. 0-0 d6 8. h3 Nf6 9. Nc3 0-0 10. Be3 b6 11. Rc1 Bb7 12. Qe2 Rc8 13. b3 Nd7 14. Rfd1 Qc7 15. Bb1 Qb8 16. Nh2 Nc5 17. Ng4 h5 18. Nh6+ Kh7 19. e5 Nxe5 20. Qxh5 f5 21. Qh4 Bf6 22. Bg5 Bxg5 23. Qxg5 Rf6 24. Nxf5 gxf5 25. Bxf5+ Ng6 26. Rd4 Kg7 27. Rg4 Ne6 28. Bxe6 Rxe6 29. h4 Rc5 30. Qd2 Qf8 31. Nd5 Bxd5 32. cxd5 Rxc1+ 33. Qxc1 Re5 34. Qc3 Qf6 35. Qd3 Qf5 36. Qd4 Kf7 37. Rg3 Re1+ 38. Kh2 Re4 39. Qd1 Rxh4+ 40. Kg1 Qh5 41. Qf3+ Qxf3 42. Rxf3+ Ke8 43. Rc3 Kd7 44. g3 Rd4 0-1

[Event "Trieste op 10th"]
[Site "Trieste"]
[Date "2008.09.05"]
[Round "7"]
[White "Hrzica, Rok"]
[Black "Degtiarev, Evgeny"]
[Result "1-0"]
[WhiteElo "2285"]
[BlackElo "2367"]
[PlyCount "151"]
[EventDate "2008.08.31"]
[EventType "swiss"]
[EventRounds "9"]
[EventCountry "ITA"]
[SourceTitle "CBM 126 Extra"]
[Source "ChessBase"]
[SourceDate "2008.11.05"]
[SourceVersion "1"]
[SourceVersionDate "2008.11.05"]
[SourceQuality "1"]

1. e4 d5 2. exd5 Qxd5 3. Nc3 Qd6 4. Nf3 Nf6 5. h3 g6 6. d4 Bg7 7. Nb5 Qd8 8. c3 0-0 9. Be2 b6 10. 0-0 Bb7 11. Na3 Qc8 12. Nc4 c5 13. dxc5 Rd8 14. Qb3 Qxc5 15. Be3 Qc8 16. Nce5 Nd5 17. Rad1 e6 18. Bc1 Qc7 19. Ng4 Nc6 20. Bg5 Rf8 21. Qa4 f6 22. Bc1 Rad8 23. Bc4 Na5 24. Be2 e5 25. c4 Ba6 26. Rxd5 Rxd5 27. Ne3 Rdd8 28. b4 e4 29. Nd2 f5 30. bxa5 bxa5 31. Nb3 f4 32. Qxa5 Qxa5 33. Nxa5 fxe3 34. Bxe3 Rc8 35. Rc1 Rc7 36. Bg4 Kf7 37. c5 Bc8 38. Be2 Be6 39. a4 Kg8 40. c6 h5 41. Nb7 Bd5 42. Rc5 Bb3 43. Bb5 Ra8 44. Bf4 Rf7 45. c7 Rxf4 46. c8Q+ Rxc8 47. Rxc8+ Kh7 48. Nc5 Bd5 49. Rd8 Rf5 50. Re8 Re5 51. Na6 Rxe8 52. Bxe8 Bd4 53. Nb4 e3 54. fxe3 Bxe3+ 55. Kh2 Bb3 56. g4 h4 57. Kg2 a5 58. Nd3 Bd5+ 59. Kf1 g5 60. Ne5 Kg7 61. Bc6 Bxc6 62. Nxc6 Bb6 63. Ke2 Kf6 64. Kd3 Ke6 65. Kc4 Kd6 66. Kb5 Bc7 67. Nxa5 Ke5 68. Nc4+ Kf4 69. Kc6 Bd8 70. Nb6 Kg3 71. a5 Kxh3 72. a6 Kxg4 73. a7 h3 74. a8Q h2 75. Qa1 Bf6 76. Qh1 1-0

[Event "SLO-ch qual"]
[Site "Sentjur"]
[Date "2008.07.12"]
[Round "7"]
[White "Sakelsek, Tadej"]
[Black "Hrzica, Rok"]
[Result "1-0"]
[WhiteElo "2390"]
[BlackElo "2285"]
[PlyCount "111"]
[EventDate "2008.07.03"]
[EventType "swiss"]
[EventRounds "9"]
[EventCountry "SLO"]
[SourceTitle "EXT 2010"]
[Source "ChessBase"]
[SourceDate "2010.11.25"]
[SourceVersion "1"]
[SourceVersionDate "2010.11.25"]
[SourceQuality "1"]

1. Nf3 c6 2. d4 d5 3. c4 Nf6 4. Nc3 dxc4 5. a4 Bf5 6. e3 Bd3 7. Bxd3 cxd3 8. Qxd3 e6 9. 0-0 Be7 10. e4 0-0 11. e5 Nd5 12. Ne4 h6 13. Bd2 Nd7 14. Qc4 Rc8 15. b4 f6 16. exf6 N7xf6 17. Nc5 Bxc5 18. dxc5 Nd7 19. Rae1 Qf6 20. Nd4 e5 21. Nb5 Kh8 22. Nd6 Rb8 23. Bc3 b6 24. Ne4 Qg6 25. Bd2 bxc5 26. Nxc5 Nxc5 27. Qxc5 Nf4 28. Bxf4 exf4 29. f3 Rf5 30. Qc4 Rf6 31. Re7 Qg5 32. Rfe1 Rbf8 33. Rxa7 Rg6 34. Re2 Rd8 35. Rd7 h5 36. Rxd8+ Qxd8 37. h3 Rf6 38. Qe4 Qd1+ 39. Re1 Qxa4 40. Qe8+ Kh7 41. Qxh5+ Kg8 42. Re8+ Rf8 43. Rxf8+ Kxf8 44. Qf5+ Kg8 45. Qxf4 Qd1+ 46. Kh2 Qd5 47. h4 Qe6 48. Qe4 Qd6+ 49. Kh3 Qd7+ 50. Qg4 Qd1 51. Qc8+ Kf7 52. Qxc6 Qh1+ 53. Kg3 Qe1+ 54. Kg4 Qxb4+ 55. Qe4 Qc3 56. Qf5+ 1-0

[Event "SLO-ch qual"]
[Site "Sentjur"]
[Date "2008.07.12"]
[Round "8"]
[White "Spalir, Jernej"]
[Black "Hrzica, Rok"]
[Result "0-1"]
[WhiteElo "1939"]
[BlackElo "2285"]
[PlyCount "138"]
[EventDate "2008.07.03"]
[EventType "swiss"]
[EventRounds "9"]
[EventCountry "SLO"]
[SourceTitle "EXT 2010"]
[Source "ChessBase"]
[SourceDate "2010.11.25"]
[SourceVersion "1"]
[SourceVersionDate "2010.11.25"]
[SourceQuality "1"]

1. d4 Nf6 2. c4 g6 3. Nc3 d5 4. Bf4 c6 5. e3 Bg7 6. Nf3 0-0 7. Bd3 dxc4 8. Bxc4 Nd5 9. Bg3 Nxc3 10. bxc3 b5 11. Be2 Qa5 12. Qd2 Be6 13. 0-0 Nd7 14. Ng5 Bd5 15. e4 Bc4 16. Bxc4 bxc4 17. Nf3 c5 18. Rfd1 Rac8 19. Bh4 Rfe8 20. Rac1 cxd4 21. cxd4 c3 22. Qe2 Nb6 23. Rd3 Na4 24. e5 Qb4 25. Qc2 Rb8 26. h3 Rec8 27. Bxe7 Qc4 28. a3 Rb2 29. Qd1 c2 30. Qf1 Nc3 31. Nd2 Qd5 32. Bc5 Na2 33. Ra1 c1Q 34. Rxc1 Nxc1 35. Qxc1 Rb5 36. Rc3 Bxe5 37. Bxa7 Rxc3 38. Qxc3 Bf4 39. Nf1 Bd6 40. a4 Ra5 41. Ne3 Qg5 42. Bc5 Bc7 43. Qb4 Ra8 44. Qb7 Qd8 45. Nd5 Rb8 46. Qxc7 Rb1+ 47. Kh2 Qxd5 48. a5 Qa8 49. Bb6 h5 50. Qd8+ Qxd8 51. Bxd8 Kf8 52. Bb6 Ke8 53. Kg3 Kd7 54. Kf4 f6 55. Bc5 Ra1 56. Bb6 Ke6 57. Ke4 Ra4 58. h4 Ra2 59. Kd3 Kd5 60. Kc3 Rxf2 61. a6 Rxg2 62. a7 Ra2 63. Bd8 Rxa7 64. Bxf6 Rf7 65. Bd8 Rf3+ 66. Kd2 Kxd4 67. Ke2 Ke4 68. Be7 Kf4 69. Bd8 Kg4 0-1

[Event "SLO-ch qual"]
[Site "Sentjur"]
[Date "2008.07.04"]
[Round "2"]
[White "Hrzica, Rok"]
[Black "Spelec, Darko"]
[Result "1-0"]
[WhiteElo "2285"]
[BlackElo "1997"]
[PlyCount "101"]
[EventDate "2008.07.03"]
[EventType "swiss"]
[EventRounds "9"]
[EventCountry "SLO"]
[SourceTitle "EXT 2010"]
[Source "ChessBase"]
[SourceDate "2010.11.25"]
[SourceVersion "1"]
[SourceVersionDate "2010.11.25"]
[SourceQuality "1"]

1. e4 e6 2. d4 d5 3. Nd2 a6 4. c3 c5 5. Ngf3 Nc6 6. dxc5 Nf6 7. exd5 exd5 8. Nb3 Ne4 9. Be3 Bg4 10. Be2 Qd7 11. Nfd4 Bxe2 12. Qxe2 Be7 13. Nxc6 Qxc6 14. f3 Nf6 15. Nd4 Qd7 16. b4 0-0 17. 0-0 Rfe8 18. Qd3 g6 19. Rfe1 Nh5 20. Rad1 Rad8 21. Qd2 Bh4 22. Bf2 Bxf2+ 23. Qxf2 Qa4 24. Qc2 Qxc2 25. Nxc2 Nf4 26. Nd4 Rxe1+ 27. Rxe1 Kf8 28. g3 Nd3 29. Re3 Nb2 30. Kf1 Nd1 31. Rd3 Nb2 32. Rd2 Nc4 33. Re2 Re8 34. Rxe8+ Kxe8 35. Ke2 Kd7 36. f4 Nb2 37. Nc2 Ke6 38. Ne3 h5 39. Kd2 g5 40. fxg5 Ke5 41. Kc2 Na4 42. Kb3 b5 43. g4 h4 44. h3 Ke4 45. Nf5 Kd3 46. Ne7 Nxc3 47. c6 Ne4 48. c7 Nd6 49. Nxd5 Ke4 50. Ne7 Ke5 51. c8Q 1-0

[Event "Senta op-A 11th"]
[Site "Senta"]
[Date "2007.07.22"]
[Round "3"]
[White "Helsen, Steff"]
[Black "Hrzica, Rok"]
[Result "1-0"]
[WhiteElo "2146"]
[BlackElo "2296"]
[PlyCount "81"]
[EventDate "2007.07.21"]
[EventType "swiss"]
[EventRounds "9"]
[EventCountry "YUG"]
[SourceTitle "CBM 119 Extra"]
[Source "ChessBase"]
[SourceDate "2007.09.04"]
[SourceVersion "1"]
[SourceVersionDate "2007.09.04"]
[SourceQuality "1"]

1. d4 c6 2. c4 d5 3. Nc3 Nf6 4. Nf3 dxc4 5. a4 Bf5 6. e3 e6 7. Bxc4 Bb4 8. 0-0 0-0 9. Ne2 Nbd7 10. Ng3 Bg6 11. Bd2 Bd6 12. b4 e5 13. Bc3 e4 14. Ne5 Nd5 15. Bxd5 cxd5 16. Qb3 Nf6 17. b5 Qe7 18. a5 a6 19. Rab1 Rac8 20. Bb4 Rfd8 21. Bxd6 Rxd6 22. Rfc1 Rxc1+ 23. Rxc1 h5 24. b6 Ne8 25. Rc5 h4 26. Ne2 Bf5 27. Nf4 Be6 28. Nc6 Qg5 29. h3 Nf6 30. Nb4 Kh7 31. Nxe6 fxe6 32. Rc7 Ne8 33. Qd1 Rd8 34. Rxb7 Nd6 35. Rc7 Nc4 36. Nc6 Rf8 37. Qg4 Qh6 38. b7 Rxf2 39. Qxg7+ Qxg7 40. Rxg7+ Kxg7 41. Kxf2 1-0

[Event "Lugano New op 1st"]
[Site "Lugano"]
[Date "2007.04.30"]
[Round "4"]
[White "Gallagher, Joseph G"]
[Black "Hrzica, Rok"]
[Result "1-0"]
[WhiteElo "2509"]
[BlackElo "2288"]
[PlyCount "93"]
[EventDate "2007.04.29"]
[EventType "swiss"]
[EventRounds "6"]
[EventCountry "SUI"]
[SourceTitle "CBM 118 Extra"]
[Source "ChessBase"]
[SourceDate "2007.07.04"]
[SourceVersion "1"]
[SourceVersionDate "2007.07.04"]
[SourceQuality "1"]

1. e4 c6 2. d4 d5 3. Nd2 dxe4 4. Nxe4 Bf5 5. Ng3 Bg6 6. Nf3 Nd7 7. Bc4 e6 8. 0-0 Ngf6 9. Re1 Be7 10. Nh4 Nd5 11. Nxg6 hxg6 12. Qf3 N7f6 13. Bb3 a5 14. a3 Nc7 15. c3 Nb5 16. h3 Nd6 17. Ne2 a4 18. Ba2 Ra5 19. Nf4 Nd5 20. Nd3 Bf6 21. Bd2 Ne7 22. Rad1 0-0 23. g4 g5 24. Ne5 Nec8 25. Bb1 g6 26. c4 Ra8 27. Nd7 Qxd7 28. Qxf6 Qd8 29. Qxd8 Rxd8 30. Bxg5 Rd7 31. d5 exd5 32. cxd5 c5 33. h4 Nb6 34. h5 gxh5 35. gxh5 f5 36. Re6 Nbc4 37. Kh2 Rh7 38. h6 Rf7 39. Be7 Ne4 40. Rg1+ Kh7 41. d6 Nb6 42. Re5 Kxh6 43. Bxe4 fxe4 44. Bg5+ Kh7 45. Bd8 Rxf2+ 46. Kh1 Kh6 47. Rxe4 1-0

[Event "Cannes op"]
[Site "Cannes"]
[Date "2007.02.24"]
[Round "8"]
[White "Hrzica, Rok"]
[Black "Vernay, Clovis"]
[Result "1/2-1/2"]
[WhiteElo "2257"]
[BlackElo "2341"]
[PlyCount "163"]
[EventDate "2007.02.18"]
[EventType "swiss"]
[EventRounds "9"]
[EventCountry "FRA"]
[SourceTitle "CBM 116 Extra"]
[Source "ChessBase"]
[SourceDate "2007.03.07"]
[SourceVersion "1"]
[SourceVersionDate "2007.03.07"]
[SourceQuality "1"]

1. e4 e6 2. d4 d5 3. Nd2 dxe4 4. Nxe4 Nd7 5. Nf3 Ngf6 6. Bg5 h6 7. Nxf6+ Nxf6 8. Be3 Nd5 9. Bd2 c5 10. Bd3 cxd4 11. Nxd4 Bc5 12. Nb3 Be7 13. Qg4 Bf6 14. 0-0-0 a5 15. Bb5+ Bd7 16. Qa4 Nb6 17. Bxd7+ Qxd7 18. Qxd7+ Nxd7 19. Bxa5 b6 20. Bb4 Ra4 21. a3 Ne5 22. Nd4 Be7 23. b3 Bxb4 24. bxa4 Bxa3+ 25. Kd2 Ke7 26. Rhe1 Kf6 27. Nb5 Bb4+ 28. c3 Bc5 29. Kc2 Ra8 30. Kb3 Nc6 31. Re4 g5 32. f3 Ke7 33. Nc7 Rc8 34. Nd5+ Kf8 35. Nf6 Be7 36. Nd7+ Ke8 37. Ne5 Na5+ 38. Kc2 Bf6 39. g3 Bg7 40. f4 Rc7 41. Rb4 f6 42. Ng4 h5 43. Ne3 gxf4 44. gxf4 f5 45. Rxb6 Rxc3+ 46. Kd2 Kf7 47. Ra6 Nb3+ 48. Ke2 Bd4 49. Nf1 h4 50. Rd6 Bc5 51. Rd7+ Kf6 52. Nd2 Nd4+ 53. Kf1 Nc2 54. Rb1 Ne3+ 55. Ke2 Ng2 56. Rb3 Rc1 57. Nf3 Nxf4+ 58. Kd2 Rf1 59. a5 Nd5 60. a6 Ra1 61. Rbb7 Be3+ 62. Kc2 Rxa6 63. h3 Rc6+ 64. Kb1 Rb6+ 65. Rxb6 Bxb6 66. Nxh4 Nf4 67. Rh7 Nxh3 68. Nxf5 Kxf5 69. Rxh3 e5 70. Kc2 e4 71. Rh8 Kf4 72. Kd2 Bf2 73. Ke2 e3 74. Re8 Kf5 75. Kf3 Kf6 76. Kf4 Kf7 77. Re5 Kf6 78. Re4 Bg1 79. Ra4 Ke6 80. Re4+ Kf6 81. Rxe3 Bxe3+ 82. Kxe3 1/2-1/2

[Event "Cannes op"]
[Site "Cannes"]
[Date "2007.02.21"]
[Round "4"]
[White "Hrzica, Rok"]
[Black "Petrosian, Suren"]
[Result "1/2-1/2"]
[WhiteElo "2257"]
[BlackElo "2391"]
[PlyCount "54"]
[EventDate "2007.02.18"]
[EventType "swiss"]
[EventRounds "9"]
[EventCountry "FRA"]
[SourceTitle "CBM 116 Extra"]
[Source "ChessBase"]
[SourceDate "2007.03.07"]
[SourceVersion "1"]
[SourceVersionDate "2007.03.07"]
[SourceQuality "1"]

1. e4 e6 2. d4 d5 3. Nd2 Be7 4. c3 c5 5. Ngf3 Nc6 6. dxc5 Bxc5 7. exd5 exd5 8. Nb3 Bb6 9. Bd3 Nge7 10. 0-0 0-0 11. Nbd4 Nxd4 12. Nxd4 Bxd4 13. cxd4 Bf5 14. Be2 Nc6 15. b3 Qh4 16. Be3 Rfe8 17. Bb5 Re6 18. Bxc6 bxc6 19. Qf3 Be4 20. Qf4 Qe7 21. Bd2 Re8 22. Rfe1 Rf6 23. Qe3 Re6 24. Qf4 Qa3 25. f3 Bg6 26. Rxe6 fxe6 27. Qe3 h6 1/2-1/2

[Event "Cannes op"]
[Site "Cannes"]
[Date "2007.02.21"]
[Round "5"]
[White "Saravanan, Venkat"]
[Black "Hrzica, Rok"]
[Result "1-0"]
[WhiteElo "2374"]
[BlackElo "2257"]
[PlyCount "73"]
[EventDate "2007.02.18"]
[EventType "swiss"]
[EventRounds "9"]
[EventCountry "FRA"]
[SourceTitle "CBM 116 Extra"]
[Source "ChessBase"]
[SourceDate "2007.03.07"]
[SourceVersion "1"]
[SourceVersionDate "2007.03.07"]
[SourceQuality "1"]

1. e4 c5 2. Nf3 Nf6 3. e5 Nd5 4. Nc3 Nxc3 5. dxc3 d5 6. exd6 Qxd6 7. Qxd6 exd6 8. Bf4 Bg4 9. 0-0-0 Bxf3 10. gxf3 Kd7 11. Bc4 Be7 12. Bxf7 Rf8 13. Bd5 Nc6 14. Bg3 Bg5+ 15. Kb1 Bf4 16. Rhe1 Rf6 17. Re4 Raf8 18. b4 b6 19. bxc5 bxc5 20. Ra4 a5 21. Ra3 Kc7 22. Rb3 Rb8 23. Rxb8 Nxb8 24. Re1 Nc6 25. Re8 Kd7 26. Rg8 g5 27. Rg7+ Ne7 28. Rxh7 Bxg3 29. fxg3 Kd8 30. Ba8 d5 31. c4 Rb6+ 32. Kc1 dxc4 33. Rg7 Nf5 34. Rxg5 Ne3 35. Kd2 Nf1+ 36. Ke2 Rb1 37. h4 1-0

[Event "Cannes op"]
[Site "Cannes"]
[Date "2007.02.18"]
[Round "1"]
[White "L'Hermitte, Emmanuel"]
[Black "Hrzica, Rok"]
[Result "0-1"]
[WhiteElo "2032"]
[BlackElo "2257"]
[PlyCount "148"]
[EventDate "2007.02.18"]
[EventType "swiss"]
[EventRounds "9"]
[EventCountry "FRA"]
[SourceTitle "CBM 116 Extra"]
[Source "ChessBase"]
[SourceDate "2007.03.07"]
[SourceVersion "1"]
[SourceVersionDate "2007.03.07"]
[SourceQuality "1"]

1. d4 c6 2. c4 d5 3. Nf3 Nf6 4. Nc3 dxc4 5. a4 Bf5 6. e3 e6 7. Bxc4 Nbd7 8. 0-0 Bb4 9. Qe2 Bg4 10. Rd1 0-0 11. h3 Bxf3 12. Qxf3 e5 13. Ne4 Qe7 14. Nxf6+ Nxf6 15. dxe5 Qxe5 16. Bd2 Bd6 17. Bc3 Qh2+ 18. Kf1 Be5 19. Bxe5 Qxe5 20. b3 Qh2 21. Ke2 Qe5 22. Kf1 Qh2 23. Ke2 Rae8 24. Rd4 Qe5 25. Qf4 Qh5+ 26. Qf3 Qc5 27. Kf1 Rd8 28. Rxd8 Rxd8 29. Rd1 Rf8 30. Qf4 b5 31. axb5 cxb5 32. Be2 Qc2 33. Qb4 a6 34. Qa3 Ne4 35. b4 Nc3 36. Re1 Nxe2 37. Rxe2 Qc4 38. Qb2 Rd8 39. Ke1 Qe4 40. Rd2 Rc8 41. Qd4 Qa8 42. Qd5 Qxd5 43. Rxd5 Kf8 44. Rd6 Rc4 45. Rxa6 Rxb4 46. Ra7 Rb2 47. Rb7 b4 48. Kf1 b3 49. g3 g6 50. Kg2 Kg7 51. Kf3 Kf6 52. Ke4 Rxf2 53. Rxb3 Kg5 54. Rb7 h5 55. Rb5+ f5+ 56. Kd3 Rf3 57. g4 hxg4 58. hxg4 Kxg4 59. Ke2 g5 60. Rb1 Rh3 61. Rg1+ Rg3 62. Rf1 Rg2+ 63. Kd3 f4 64. exf4 gxf4 65. Re1 Kf3 66. Rf1+ Kg3 67. Re1 Ra2 68. Re8 Kf2 69. Rh8 Ra3+ 70. Kd2 f3 71. Rg8 Ra7 72. Rd8 Re7 73. Rd6 Rg7 74. Kd1 Kg2 0-1

[Event "Donau op 15th"]
[Site "Aschach"]
[Date "2006.12.27"]
[Round "3"]
[White "Mahdy, Khaled"]
[Black "Hrzica, Rok"]
[Result "1/2-1/2"]
[WhiteElo "2359"]
[BlackElo "2261"]
[PlyCount "80"]
[EventDate "2006.12.26"]
[EventType "swiss"]
[EventRounds "7"]
[EventCountry "AUT"]
[SourceTitle "EXT 2008"]
[Source "ChessBase"]
[SourceDate "2007.11.25"]
[SourceVersion "1"]
[SourceVersionDate "2007.11.25"]
[SourceQuality "1"]

1. e4 c6 2. d4 d5 3. Nd2 dxe4 4. Nxe4 Bf5 5. Ng3 Bg6 6. h4 h6 7. Nf3 Nd7 8. h5 Bh7 9. Bd3 Bxd3 10. Qxd3 Ngf6 11. Bd2 Qc7 12. 0-0-0 e6 13. Kb1 0-0-0 14. c4 Kb8 15. Qe2 Bd6 16. Ne4 Nxe4 17. Qxe4 Nf6 18. Qe2 c5 19. Bc3 Ka8 20. d5 exd5 21. Bxf6 gxf6 22. Rxd5 Be5 23. Rhd1 Rxd5 24. Rxd5 Rd8 25. Qd2 Rxd5 26. Qxd5 a6 27. a3 Kb8 28. Kc2 Kc8 29. g4 Qe7 30. g5 hxg5 31. h6 Qf8 32. Nxe5 fxe5 33. h7 Qg7 34. Qh1 Qh8 35. Qh5 e4 36. Qxf7 Qd4 37. Qf8+ Kc7 38. h8Q Qd3+ 39. Kc1 Qf1+ 40. Kd2 Qd3+ 1/2-1/2

[Event "Senta op-A 10th"]
[Site "Senta"]
[Date "2006.07.26"]
[Round "7"]
[White "Urosevic, Goran"]
[Black "Hrzica, Rok"]
[Result "1/2-1/2"]
[WhiteElo "2210"]
[BlackElo "2261"]
[PlyCount "153"]
[EventDate "2006.07.21"]
[EventType "swiss"]
[EventRounds "9"]
[EventCountry "YUG"]
[SourceTitle "CBM 113 Extra"]
[Source "ChessBase"]
[SourceDate "2006.09.14"]
[SourceVersion "1"]
[SourceVersionDate "2006.09.14"]
[SourceQuality "1"]

1. d4 c6 2. c4 d5 3. Nf3 Nf6 4. Nc3 g6 5. e3 Bg7 6. Bd3 0-0 7. 0-0 Bg4 8. h3 Bxf3 9. Qxf3 e6 10. Rd1 Nbd7 11. cxd5 cxd5 12. Qe2 Rc8 13. Bd2 a6 14. Rac1 Qe7 15. a3 Nb6 16. Na2 Qd7 17. b3 Rfe8 18. Ba5 Na8 19. Qb2 Bf8 20. a4 Bd6 21. Rxc8 Rxc8 22. Rc1 Rxc1+ 23. Qxc1 Nc7 24. Bb4 Nce8 25. f3 Bb8 26. Qc3 Nh5 27. g4 Nhf6 28. Kg2 g5 29. Nc1 h6 30. Be2 Qc7 31. Qxc7 Bxc7 32. a5 Nd7 33. Nd3 Nd6 34. Be1 Nb5 35. b4 Na7 36. e4 Nb5 37. exd5 exd5 38. Bf2 Bd8 39. Nc5 Nxc5 40. Bxb5 Ne6 41. Bd7 Be7 42. b5 axb5 43. Bxb5 Bd8 44. a6 bxa6 45. Bxa6 Bb6 46. Bb7 Bxd4 47. Bxd4 Nxd4 48. Bxd5 Ne2 49. Bc4 Nf4+ 50. Kg3 Kf8 51. h4 f6 52. h5 Ke7 53. Kf2 Kd6 54. Ke3 Ke5 55. Ba2 Ng2+ 56. Kf2 Nf4 57. Ke3 f5 58. Bb3 Ng2+ 59. Kf2 Nf4 60. Ke3 Kd6 61. Kd4 Ne2+ 62. Ke3 Nf4 63. Kd4 Ne6+ 64. Ke3 f4+ 65. Kd3 Nc5+ 66. Kc3 Ke5 67. Bc2 Ne6 68. Be4 Nc7 69. Kc4 Ne8 70. Kc5 Nf6 71. Bc6 Ng8 72. Be4 Ne7 73. Bb7 Ng8 74. Be4 Nf6 75. Bc6 Nh7 76. Bd7 Nf6 77. Bc6 1/2-1/2

[Event "Senta op-A 10th"]
[Site "Senta"]
[Date "2006.07.22"]
[Round "3"]
[White "Nestorovic, Lazar"]
[Black "Hrzica, Rok"]
[Result "0-1"]
[WhiteElo "2017"]
[BlackElo "2261"]
[PlyCount "72"]
[EventDate "2006.07.21"]
[EventType "swiss"]
[EventRounds "9"]
[EventCountry "YUG"]
[SourceTitle "CBM 113 Extra"]
[Source "ChessBase"]
[SourceDate "2006.09.14"]
[SourceVersion "1"]
[SourceVersionDate "2006.09.14"]
[SourceQuality "1"]

1. e4 g6 2. d4 Bg7 3. Be3 c6 4. f3 d5 5. e5 Qb6 6. Qc1 h5 7. Bd3 Nh6 8. c3 Nf5 9. Bf2 Bh6 10. Qc2 e6 11. g4 hxg4 12. fxg4 Ne7 13. Nd2 Nd7 14. 0-0-0 Nxe5 15. Be2 Nd7 16. h4 Nf8 17. Ngf3 Bd7 18. Bg3 0-0-0 19. Bd6 Ng8 20. Bc5 Qc7 21. g5 Bg7 22. Bxa7 Be8 23. Nb3 b6 24. Ba6+ Kd7 25. Bxb6 Qxb6 26. Nc5+ Ke7 27. Qa4 Nd7 28. Nb7 Ra8 29. Qa3+ c5 30. dxc5 Qxa6 31. Qb4 Qa4 32. Nd6 Qxb4 33. cxb4 Be5 34. Nxe5 Nxe5 35. a3 Ba4 36. Rd4 f6 0-1

[Event "Senta op-A 10th"]
[Site "Senta"]
[Date "2006.07.21"]
[Round "1"]
[White "Zamodics, Ferenc"]
[Black "Hrzica, Rok"]
[Result "0-1"]
[WhiteElo "1985"]
[BlackElo "2261"]
[PlyCount "126"]
[EventDate "2006.07.21"]
[EventType "swiss"]
[EventRounds "9"]
[EventCountry "YUG"]
[SourceTitle "CBM 113 Extra"]
[Source "ChessBase"]
[SourceDate "2006.09.14"]
[SourceVersion "1"]
[SourceVersionDate "2006.09.14"]
[SourceQuality "1"]

1. c4 g6 2. d4 Bg7 3. Nc3 c5 4. d5 e5 5. e4 d6 6. Bd3 Ne7 7. Nge2 f5 8. exf5 Nxf5 9. 0-0 0-0 10. Ne4 Nd7 11. Rb1 Nf6 12. Bg5 h6 13. Bxf6 Bxf6 14. Nxf6+ Qxf6 15. b4 cxb4 16. Rxb4 b6 17. Qd2 g5 18. Rb3 Nh4 19. Be4 Ba6 20. Qc2 Bc8 21. g3 Nf5 22. h3 Ng7 23. Rf3 Qe7 24. Rxf8+ Qxf8 25. g4 Bd7 26. Bh7+ Kh8 27. Qg6 Ne8 28. Ng3 Nf6 29. Ne4 Nxh7 30. Nxd6 Be8 31. Qe6 Qf6 32. Re1 Qxe6 33. dxe6 Kg7 34. Rxe5 Kf6 35. Re3 Nf8 36. e7 Ne6 37. Nf5 Bg6 38. Nxh6 Rh8 39. Nf5 Bxf5 40. gxf5 Ng7 41. Ra3 Ra8 42. c5 bxc5 43. Ra6+ Kxf5 44. Rc6 Re8 45. Rxc5+ Kf6 46. Rc6+ Ne6 47. Rc4 Rxe7 48. h4 Rg7 49. hxg5+ Rxg5+ 50. Kf1 Ra5 51. Rc2 Ke5 52. Kg2 Nd4 53. Rd2 Ke4 54. Kg3 Rg5+ 55. Kh3 Rg1 56. Rb2 Kf3 57. Kh4 Rg7 58. Kh5 Ne2 59. a4 Kxf2 60. a5 Kf3 61. a6 Nf4+ 62. Kh6 Rg6+ 63. Kh7 Rxa6 0-1